[Event "Let's Play Chess!"]
[Site "http://www.queenalice.com/game.php?id=715110"]
[Date "2010.1.17"]
[Round "-"]
[White "Panzer85"]
[Black "miguelnalexandre"]
[Result "1-0"]
[WhiteElo "1654"]
[BlackElo "1550"]

1. e4 d5 2. exd5 Nf6 3. c4 c6 4. Nc3 cxd5 5. Nf3 Nc6 6. cxd5 Nxd5 7. Nxd5 Qxd5
8. d4 Bg4 9. Be2 e5 10. Nxe5 Qxg2 11. Kd2 Qxf2 12. Rf1 Bb4+ 13. Kc2 Nxd4+ 14.
Kb1 Bf5+ 15. Bd3 Bxd3+ 16. Qxd3 Qg2 17. Qxd4 Qxf1 18. Qxb4 Rc8 19. a4 Qxc1+ 20.
Ka2 1-0

[Event "Let's Play Chess!"]
[Site "http://www.queenalice.com/game.php?id=715118"]
[Date "2010.1.17"]
[Round "-"]
[White "Panzer85"]
[Black "miguelnalexandre"]
[Result "1-0"]
[WhiteElo "1666"]
[BlackElo "1538"]

1. e4 d5 2. exd5 Nf6 3. c4 e6 4. Nc3 exd5 5. Nf3 Nc6 6. d3 Bb4 7. h3 h6 8. Be2
O-O 9. O-O Re8 10. Re1 d4 11. Nd5 Bxe1 12. Nxf6+ Qxf6 13. Qxe1 Qg6 14. Bf4 Bxh3
15. Nh4 Qe6 16. gxh3 Qxh3 17. f3 g5 18. Bf1 Qd7 19. Qg3 Kh7 20. Bh3 Qe7 21. Re1
Qf8 22. Bxg5 1-0

[Event "Challenge"]
[Site "http://www.queenalice.com/game.php?id=715271"]
[Date "2010.1.17"]
[Round "-"]
[White "miguelnalexandre"]
[Black "emanuelmad"]
[Result "0-1"]
[WhiteElo "1569"]
[BlackElo "1431"]

1. e4 e6 2. d4 Nf6 3. Bd3 Bb4+ 4. Nc3 Nc6 5. Nf3 Ng4 6. O-O Qf6 7. Bg5 Qg6 8. e5
f5 9. exf6 Qh5 10. h3 Nxf6 11. Ne4 Be7 12. Ng3 Qf7 13. Ne5 Nxe5 14. dxe5 Nd5 15.
Ne4 Bxg5 16. Nxg5 Qf4 17. Nf3 g5 18. g3 Qf8 19. Nxg5 Qh6 20. h4 Qg7 21. Re1 a5
22. c3 h6 23. Ne4 b6 24. Nf6+ Nxf6 25. exf6 Qxf6 26. Qh5+ Kd8 27. Re3 Rf8 28.
Be4 Qxf2+ 29. Kh1 Qxe3 30. Bxa8 c6 31. Qg4 Rf2 32. Qg8+ Kc7 33. Rb1 Qf3+ 34. Kg1
Qg2# 0-1

[Event "Challenge"]
[Site "http://www.queenalice.com/game.php?id=715272"]
[Date "2010.1.17"]
[Round "-"]
[White "emanuelmad"]
[Black "miguelnalexandre"]
[Result "0-1"]
[WhiteElo "1415"]
[BlackElo "1384"]

1. e3 d5 2. Na3 e6 3. Nb1 Nf6 4. Bd3 Nbd7 5. Nc3 Be7 6. Nh3 h6 7. Nf4 O-O 8. O-O
b6 9. Nb5 Bb7 10. b3 a6 11. Nc3 c5 12. Qf3 Ne5 13. Qg3 g5 14. Nh3 Qd6 15. Ba3
Nh5 16. Qxe5 Qxe5 17. Rae1 Bd6 18. g3 d4 19. exd4 Qxd4 20. Re4 Bxe4 21. Nxe4 f5
22. Nxd6 Qxd6 23. Re1 b5 24. Bf1 Qxd2 25. Re2 Qd6 26. Bb2 g4 27. Nf4 Nxf4 28.
gxf4 Rae8 29. Bc3 Qxf4 30. Bd2 Qd4 31. Kh1 Rf6 32. Kg1 Kh7 33. Bg2 Rg8 34. Bf1
f4 35. Bc1 g3 36. hxg3 fxg3 37. Be3 Qh4 38. f4 e5 39. fxe5 Rxf1+ 40. Kxf1 Qh1+
41. Bg1 Rf8+ 42. Ke1 g2 43. e6 Qxg1+ 44. Kd2 Qf1 45. e7 Re8 46. b4 g1=Q 47. bxc5
Qd4# 0-1

[Event "Challenge"]
[Site "http://www.queenalice.com/game.php?id=715273"]
[Date "2010.1.17"]
[Round "-"]
[White "miguelnalexandre"]
[Black "Camy"]
[Result "0-1"]
[WhiteElo "1485"]
[BlackElo "1548"]

1. e4 e5 2. Nf3 Nc6 3. Bc4 Bc5 4. O-O Nf6 5. d4 exd4 6. e5 d5 7. exd6 cxd6 8.
Re1+ Be6 9. Bxe6 fxe6 10. Rxe6+ Ne7 11. c3 O-O 12. cxd4 Bb6 13. Qb3 Qe8 14.
Rxd6+ Rf7 15. Ne5 Rc8 16. Nd2 Bc7 17. Ndc4 Rd8 18. Rxd8 Qxd8 19. Be3 Bxe5 20.
Nxe5 Ned5 21. Nxf7 Kxf7 22. Qxb7+ Ke8 0-1

[Event "Challenge"]
[Site "http://www.queenalice.com/game.php?id=715293"]
[Date "2010.1.17"]
[Round "-"]
[White "miguelnalexandre"]
[Black "RED_GREEN_YELOW"]
[Result "0-1"]
[WhiteElo "1485"]
[BlackElo "1862"]

1. e4 c5 2. d4 e6 3. Nf3 g6 4. e5 Be7 5. Nc3 Nc6 6. Bc4 a6 7. dxc5 Bxc5 8. Bg5
Be7 9. h4 f6 10. exf6 Bxf6 11. Bxf6 Nxf6 12. O-O d5 13. Bd3 Nb4 14. a3 Nxd3 15.
Qxd3 O-O 16. Na4 b5 17. Nc5 Qd6 18. b4 Nh5 19. Ng5 e5 0-1

[Event "Challenge"]
[Site "http://www.queenalice.com/game.php?id=715295"]
[Date "2010.1.17"]
[Round "-"]
[White "RED_GREEN_YELOW"]
[Black "miguelnalexandre"]
[Result "1-0"]
[WhiteElo "1864"]
[BlackElo "1487"]

1. c4 e5 2. g3 d6 3. Bg2 f5 4. Qb3 Nc6 5. e3 Nf6 6. Ne2 b6 7. Nbc3 Na5 8. Qc2
Rb8 9. b3 c5 10. O-O e4 11. d4 exd3 12. Qxd3 g6 13. Nd5 Be6 14. Nef4 Bxd5 15.
Nxd5 Nxd5 16. Bxd5 Bg7 17. Rb1 Nb7 18. Bb2 1-0

[Event "Kraj´s Challenge"]
[Site "http://www.queenalice.com/game.php?id=715301"]
[Date "2010.1.17"]
[Round "-"]
[White "Krajnicov"]
[Black "miguelnalexandre"]
[Result "1-0"]
[WhiteElo "1424"]
[BlackElo "1506"]

1. e4 d5 2. Qf3 dxe4 3. Qxe4 Nf6 4. Qf4 Nc6 5. c3 e5 6. Qg3 Nh5 7. Qf3 g6 8. Bc4
f5 9. Qd5 Qe7 10. b4 Be6 11. Qb5 O-O-O 12. Na3 a6 13. Qa4 e4 14. Nc2 Bd7 15. Qb3
b5 16. Bxb5 Be6 17. Qa4 axb5 18. Qa8+ Kd7 19. a4 Rxa8 20. a5 Bb3 21. Ne3 Nf4 22.
Rb1 1-0

[Event "Kraj´s Challenge"]
[Site "http://www.queenalice.com/game.php?id=715303"]
[Date "2010.1.17"]
[Round "-"]
[White "miguelnalexandre"]
[Black "Krajnicov"]
[Result "0-1"]
[WhiteElo "1527"]
[BlackElo "1403"]

1. e4 e5 2. Nf3 Qf6 3. Nc3 c6 4. d4 exd4 5. e5 Qf5 6. Bd3 Qg4 7. O-O d5 8. exd6
Bxd6 9. h3 Qe6 10. Re1 Be5 11. Rxe5 Qxe5 12. Nxe5 Nf6 13. Bg5 Nd5 14. Bh4 f6 15.
Nc4 g5 16. Nd6+ Kd7 17. Bg3 Rg8 18. Bf5+ Kc7 19. Nxc8+ Kd8 20. Qxd4 Na6 21. Re1
h5 22. Re6 Kxc8 23. Rxf6+ Kd8 24. Rf7 Ke8 25. Rxb7 Nab4 0-1

[Event "Challenge"]
[Site "http://www.queenalice.com/game.php?id=715352"]
[Date "2010.1.17"]
[Round "-"]
[White "Saintsalles"]
[Black "miguelnalexandre"]
[Result "1-0"]
[WhiteElo "1710"]
[BlackElo "1431"]

1. d4 d5 2. Nc3 Nf6 3. Bg5 h6 4. Bxf6 gxf6 5. e3 Bg7 6. h3 e5 7. Bb5+ c6 8. Ba4
b5 9. Bb3 Nd7 10. e4 exd4 11. Qxd4 Ne5 12. exd5 cxd5 13. O-O-O Bb7 14. Nxb5 Bc6
15. Nc3 O-O 16. f4 Qb6 17. fxe5 Qxd4 18. Rxd4 1-0

[Event "Challenge"]
[Site "http://www.queenalice.com/game.php?id=718580"]
[Date "2010.1.22"]
[Round "-"]
[White "miguelnalexandre"]
[Black "Panzer85"]
[Result "0-1"]
[WhiteElo "1569"]
[BlackElo "1582"]

1. e4 e5 2. Nf3 Nc6 3. Bc4 Bc5 4. O-O d6 5. d3 Nf6 6. Bg5 h6 7. Bh4 O-O 8. h3 g5
9. Bg3 Qe8 10. a3 a6 11. Nc3 Nd4 12. Nd2 g4 13. h4 h5 14. Na4 b5 0-1

[Event "Challenge"]
[Site "http://www.queenalice.com/game.php?id=777119"]
[Date "2010.5.17"]
[Round "-"]
[White "miguelnalexandre"]
[Black "FC"]
[Result "0-1"]
[WhiteElo "1401"]
[BlackElo "1465"]

1. d4 e6 2. Nf3 Nc6 3. e3 Nf6 4. Bd3 Bb4+ 5. Nbd2 O-O 6. O-O Ng4 7. b3 Qf6 8.
Bb2 Bd6 9. g3 Qh6 10. h4 e5 11. d5 Nb4 12. e4 Nxd3 13. cxd3 b6 14. Re1 Bc5 15.
d4 Bd6 16. dxe5 Bc5 17. Re2 Ba6 18. Nc4 b5 19. Ncd2 b4 20. Nc4 Rae8 21. a4 d6
22. Ng5 Nxe5 23. Bc1 Nxc4 24. bxc4 Bxc4 25. Re1 Qf6 26. Bf4 h6 0-1

[Event "odinn"]
[Site "http://www.queenalice.com/game.php?id=778231"]
[Date "2010.5.20"]
[Round "1"]
[White "cladouceur"]
[Black "miguelnalexandre"]
[Result "1-0"]
[WhiteElo "1320"]
[BlackElo "1388"]

1. e4 e5 2. Qf3 Nh6 3. g4 g5 4. d4 exd4 5. Bc4 Nc6 6. Nh3 Bb4+ 7. c3 dxc3 8.
bxc3 Ba5 9. Bxg5 Ne7 10. Bxh6 d6 11. Bg7 Rg8 12. Bxf7+ Kd7 13. Bxg8 Nxg8 14.
Qf5+ 1-0

[Event "Let's Play Chess!"]
[Site "http://www.queenalice.com/game.php?id=842260"]
[Date "2010.10.6"]
[Round "-"]
[White "miguelnalexandre"]
[Black "cazzo"]
[Result "0-1"]
[WhiteElo "1389"]
[BlackElo "2334"]

1. e4 e6 2. d4 d5 3. e5 c5 4. c3 Bd7 5. Nf3 Nc6 6. Bd3 Nge7 7. O-O cxd4 8. cxd4
Qb6 9. Nc3 Nxd4 10. a3 Nxf3+ 11. Qxf3 Ng6 12. Re1 Rc8 13. Rb1 Bc5 14. Be3 d4 15.
b4 Be7 16. Ne4 dxe3 17. Rxe3 Nxe5 18. h3 Nxf3+ 19. Rxf3 O-O 20. Nc5 Bc6 21. Re3
Rfd8 22. Rd1 Bxc5 23. bxc5 Qxc5 24. Ra1 Rd4 25. Ra2 Qd5 26. Rd2 Qxg2# 0-1

[Event "Let's Play Chess!"]
[Site "http://www.queenalice.com/game.php?id=842261"]
[Date "2010.10.5"]
[Round "-"]
[White "miguelnalexandre"]
[Black "feliz70"]
[Result "0-1"]
[WhiteElo "1387"]
[BlackElo "2260"]

1. e4 e6 2. d4 d5 3. e5 c5 4. c3 Bd7 5. Nf3 Qb6 6. Bd3 cxd4 7. cxd4 Nc6 8. O-O
Nxd4 9. Nc3 Nxf3+ 10. Qxf3 Ne7 11. a3 Nc6 12. Qf4 a6 13. Rb1 Qd4 14. Qxd4 Nxd4
15. Be3 Nc6 16. f4 d4 17. Be4 dxe3 18. Rfe1 Bc5 19. b4 Bd4 20. Ne2 Ba7 21. Rb3
O-O 22. Rd3 Rfd8 23. h3 Be8 24. Rd6 Rxd6 25. exd6 f5 26. Bxc6 Bxc6 27. Rd1 Ba4
28. Rc1 Rd8 29. Rc7 Bc6 30. d7 Kf7 31. Ng3 e2+ 0-1

[Event "Let's Play Chess!"]
[Site "http://www.queenalice.com/game.php?id=842262"]
[Date "2010.10.5"]
[Round "-"]
[White "miguelnalexandre"]
[Black "helenaeyng"]
[Result "0-1"]
[WhiteElo "1385"]
[BlackElo "1468"]

1. e4 d5 2. exd5 Qxd5 3. Nc3 Qa5 4. Nf3 Bg4 5. d4 e6 6. a3 c6 7. b4 Qb6 8. Na4
Qc7 9. h3 Bh5 10. g4 Bg6 11. Rg1 b5 12. Nc5 Bxc5 13. dxc5 Nf6 14. Bg5 Ne4 15.
Bh4 O-O 16. Bg3 Nxg3 17. Rxg3 Rd8 18. Bd3 Bxd3 19. cxd3 Nd7 20. d4 e5 21. d5 Nf6
22. d6 Qd7 23. Nxe5 Qe6 24. f4 Ne4 25. Re3 f5 26. Nxc6 Rdc8 27. Ne7+ Qxe7 28.
dxe7 Re8 29. gxf5 Nf6 30. Qb3+ Kh8 31. Qf7 Nd5 32. Re4 Nf6 33. Re5 Nd7 34. Re6
h6 35. Rd1 Nf6 36. Ke2 Rab8 37. Ke3 Rb7 38. Rxf6 Rbxe7+ 0-1

[Event "Let's Play Chess!"]
[Site "http://www.queenalice.com/game.php?id=842263"]
[Date "2010.10.6"]
[Round "-"]
[White "BIBIU16"]
[Black "miguelnalexandre"]
[Result "1-0"]
[WhiteElo "1634"]
[BlackElo "1389"]

1. e4 Nf6 2. e5 Ne4 3. d4 f6 4. Bd3 d5 5. f3 Ng5 6. Bxg5 fxg5 7. Qd2 e6 8. Nc3
Nc6 9. O-O-O Nxd4 10. Bg6+ hxg6 11. Qxd4 c5 12. Qd3 Rh6 13. Nb5 c4 14. Qe2 Bd7
15. Nd4 Bc5 16. Qe3 Qe7 17. Nh3 Rh5 18. f4 gxf4 19. Nxf4 Rh6 20. h3 g5 21. Nfe2
O-O-O 22. Rhf1 Rf8 23. Rxf8+ Qxf8 24. Qxg5 Be7 25. Qg4 Rh4 26. Qf3 Bg5+ 27. Kb1
Qh8 28. Qa3 a6 29. Qc5+ Bc6 30. Nxc6 bxc6 31. Qxc6+ Kd8 32. Qd6+ Ke8 33. Qxe6+
Be7 34. Qxd5 g5 35. Qd7+ Kf7 36. e6+ Kg8 37. Qxe7 Qg7 38. Qd8+ Qf8 39. Qxg5+ Qg7
40. Rd8+ Kh7 41. Qxh4+ Kg6 42. Nf4+ Kf5 43. Qg4+ Kf6 44. Nh5+ Ke5 45. Nxg7 c3
46. Qf5# 1-0